|
|
|
|
| LEADER |
00000nam0a2200000 4500 |
| 001 |
107241 |
| 005 |
20231031115226.0 |
| 035 |
|
|
|a (RuTPU)RU\TPU\book\115790
|
| 035 |
|
|
|a RU\TPU\book\73914
|
| 090 |
|
|
|a 107241
|
| 100 |
|
|
|a 20061220d2005 m y0rusy50 ca
|
| 101 |
1 |
|
|a rus
|c eng
|
| 102 |
|
|
|a RU
|
| 105 |
|
|
|a y z 000gy
|
| 200 |
1 |
|
|a Листья травы
|e стихотворения
|e пер. с англ.
|f У. Уитмен
|
| 210 |
|
|
|a Москва
|c Художественная литература
|d 2005
|
| 215 |
|
|
|a 352 с.
|
| 330 |
|
|
|a В этом году исполняется 150 лет со дня выхода в свет стихотворной книги Уолта Уитмена «Листья травы», которая, изумив мир смелостью и новаторством, кардинально повлияла на процесс становления мировой литературы. Книга неоднократно переиздавалась самим автором, с годами пополняясь новыми стихотворениями и поэмами. Но в 1855 году американцы читали именно тот текст, перевод которого здесь представлен. Избранные стихотворения и поэмы, написанные Уитменом после 1855 года, приведены во втором разделе книги, некоторые — в новых или ранее напечатанных переводах.
|
| 610 |
1 |
|
|a стихи
|
| 610 |
1 |
|
|a поэмы
|
| 610 |
1 |
|
|a американская литература
|
| 610 |
1 |
|
|a поэзия
|
| 675 |
|
|
|a 82
|v 3
|
| 700 |
|
1 |
|a Уитмен
|b У.
|g Уолт
|
| 801 |
|
1 |
|a RU
|b 63413507
|c 20041025
|g PSBO
|
| 801 |
|
2 |
|a RU
|b 63413507
|c 20070202
|g PSBO
|
| 942 |
|
|
|c BK
|